000 01079nam a2200325Ia 4500
001 Z_4891
003 CHAP
008 220113s2003 xx 000 0 und d
010 _a167945
040 _cCHAP
090 _aTesis R 1743
100 _aRebolledo Gallegos, Manuel
_994960
245 _aAnálisis de la producción y la rentabilidad del cultivo de sorgo forrajero y de grano en el DDR 01 de Atoyac de Alvarez, Guerrero /
_cpor Manuel Rebolledo Gallegos
260 _aChapingo, Méx. :
_bEl autor,
_c2003
300 _a94 h.
502 _aTesis (Ing. Agr. Esp. en Zootecnia) -- UACH. Departamento de Zootecnia
650 _aDistrito de Desarrollo Rural de Atoyac de Álvarez, Gro.
_932778
650 _aSorgo
_9108622
650 _aSorgo forrajero
_9108748
650 _aSorgo
_xAspectos económicos
_9108629
650 _aSorgo
_xCostos de producción
_9108641
650 _aSorgo
_xGuerrero
_9108679
650 _aSorgo
_xProducción
_9108709
901 _aTESIS R 1743
902 _aM
910 _a2003
942 _c2
942 _c2
999 _c167945
_d167945